Výcvik psa k dokonalej poslušnosti Obedience krok za krokom
Saved in:
| Main Author | |
|---|---|
| Format | Electronic eBook |
| Language | Czech |
| Published |
Grada SK
2023
|
| Edition | 1. elektronické vydání |
| Subjects | |
| Online Access | Dostupné v BOOKPORT po přihlášení pomocí eduID |
| ISBN | 978-80-8090-600-9 978-80-8090-598-9 |
| Physical Description | 1 online zdroj (152 stran) |
Cover
| LEADER | 00000nam a2200000 i 4500 | ||
|---|---|---|---|
| 001 | bkp100212 | ||
| 003 | CZ-prgp | ||
| 005 | 20240108071935.0 | ||
| 006 | m o d | ||
| 007 | cr cn | ||
| 008 | 240108s2023 xr o 000 0 cze | ||
| 020 | |a 978-80-8090-600-9 |c 329 Kč |q (online ; epub) | ||
| 020 | |a 978-80-8090-598-9 |c 387 Kč |q (print) | ||
| 040 | |a Grada |b cze |e rda | ||
| 100 | 1 | |a Niewöhner, Imke | |
| 245 | 1 | 0 | |a Výcvik psa k dokonalej poslušnosti |b Obedience krok za krokom |c Imke Niewöhner |
| 250 | |a 1. elektronické vydání | ||
| 264 | 1 | |b Grada SK |c 2023 | |
| 300 | |a 1 online zdroj (152 stran) | ||
| 336 | |a text |b txt |2 rdacontent | ||
| 337 | |a počítač |b c |2 rdamedia | ||
| 338 | |a online zdroj |b cr |2 rdacarrier | ||
| 520 | 3 | |a Úspešná náučne spracovaná kniha postupne a názorne popisuje všetky kroky výcviku obedience. Vďaka nej každý majiteľ psa môže tento výcvik zvládnuť a vytvoriť si so svojim psom pevný vzťah dokonalej poslušnosti a vzájomnej radosti z tohto krásneho športu plného zábavy. | |
| 650 | 0 | 4 | |a Zahrada, zvířata, příroda |
| 650 | 0 | 4 | |a Zahrada |
| 650 | 0 | 4 | |a Chovatelství |
| 856 | 4 | 0 | |u https://www.bookport.cz/AccountSaml/SignIn/?idp=https://shibboleth.utb.cz/idp/shibboleth&returnUrl=/kniha/vycvik-psa-k-dokonalej-poslusnosti-12378/ |y Dostupné v BOOKPORT po přihlášení pomocí eduID |